Captive state : the corporate takeover of Britain

Αποθηκεύτηκε σε:
Λεπτομέρειες βιβλιογραφικής εγγραφής
Κύριος συγγραφέας: Monbiot, George, 1963-
Μορφή: Βιβλίο
Γλώσσα:English
Δημοσίευση: London : Pan Books, c2000.
Θέματα:
Ετικέτες: Προσθήκη ετικέτας
Δεν υπάρχουν, Καταχωρήστε ετικέτα πρώτοι!

MARC

LEADER 00000nam a2200000 a 4500
001 1/127436
008 231009s2000####enk| ||| |||| ||eng||
020 |a 9780330369435 
020 |a 0330369431 
040 |a GR-MyUa  |b gre  |c GR-MyUa  |e AACR2 
041 0 |a eng 
082 7 |a 322.30941   |2 (23) 
100 1 |a Monbiot, George,   |d 1963- 
245 1 0 |a Captive state :   |b the corporate takeover of Britain /   |c George Monbiot. 
260 |a London :   |b Pan Books,   |c c2000. 
300 |a vi, 430 σ. ;   |c 20 εκ.  
504 |a Περιλαμβάνει βιβλιογραφικές σημειώσεις και ευρετήριο. 
650 0 |a Corporations  |x Political activity. 
650 0 |a Business and politics  |z Great Britain. 
651 0 |a Great Britain  |x Politics and government  |y 1997- 
852 |a INST  |b RHODES  |e 20231009  |h 322.30941 MON  |p 005400043816  |q 005400043816  |t BK  |y 0 
970 |z 09-10-2023